Quisicosas / (Registro nro. 8910)
[ vista simple ]
| 000 -LEADER | |
|---|---|
| fixed length control field | 00837nam a2200313 4500 |
| 001 - CONTROL NUMBER | |
| control field | 34837 |
| 003 - CONTROL NUMBER IDENTIFIER | |
| control field | DO-SdBNP |
| 005 - DATE AND TIME OF LATEST TRANSACTION | |
| control field | 20180226134624.0 |
| 007 - PHYSICAL DESCRIPTION FIXED FIELD--GENERAL INFORMATION | |
| fixed length control field | 34837 |
| 008 - FIXED-LENGTH DATA ELEMENTS--GENERAL INFORMATION | |
| fixed length control field | 950309r1992 sp | |||| ||spa |
| 016 7# - NATIONAL BIBLIOGRAPHIC AGENCY CONTROL NUMBER | |
| Record control number | |
| Source | BPMSU |
| 017 ## - COPYRIGHT OR LEGAL DEPOSIT NUMBER | |
| Copyright or legal deposit number | |
| Assigning agency | |
| 020 ## - INTERNATIONAL STANDARD BOOK NUMBER | |
| International Standard Book Number | 8434823713 |
| 035 ## - SYSTEM CONTROL NUMBER | |
| System control number | |
| 040 ## - CATALOGING SOURCE | |
| Original cataloging agency | BPMSU |
| Language of cataloging | spa |
| Transcribing agency | BPMSU |
| Description conventions | |
| 080 #0 - UNIVERSAL DECIMAL CLASSIFICATION NUMBER | |
| Universal Decimal Classification number | |
| 100 1# - MAIN ENTRY--PERSONAL NAME | |
| Personal name | Mateos, Pilar, |
| Dates associated with a name | 1942- |
| 245 10 - TITLE STATEMENT | |
| Title | Quisicosas / |
| Statement of responsibility, etc. | Pilar Mateos ; ilustraciones de Pablo Núñez |
| Medium | |
| 250 ## - EDITION STATEMENT | |
| Edition statement | 4ª ed. |
| 260 ## - PUBLICATION, DISTRIBUTION, ETC. (IMPRINT) | |
| Place of publication, distribution, etc. | Madrid : |
| Name of publisher, distributor, etc. | SM, |
| Date of publication, distribution, etc. | 1992 |
| 300 ## - PHYSICAL DESCRIPTION | |
| Extent | 63 p.; |
| Other physical details | il. : |
| Dimensions | 20 cm. |
| 490 1# - SERIES STATEMENT | |
| Series statement | El barco de vapor |
| Volume/sequential designation | 19 |
| 586 ## - AWARDS NOTE | |
| Awards note | Premio Lazarillo, 1982 |
| 700 12 - ADDED ENTRY--PERSONAL NAME | |
| Personal name | Núñez, Pablo, |
| Dates associated with a name | 1963- |
| 830 #3 - SERIES ADDED ENTRY--UNIFORM TITLE | |
| Uniform title | El barco de vapor. |
| Name of part/section of a work | Serie blanca |
| Volume number/sequential designation | 19 |
| 942 ## - ADDED ENTRY ELEMENTS (KOHA) | |
| Source of classification or shelving scheme | Dewey Decimal Classification |
| Koha item type | Libros |
| 945 ## - LOCAL PROCESSING INFORMATION (OCLC) | |
| a | Inventariado, 2018 /LP |
| 956 ## - LOCAL ELECTRONIC LOCATION AND ACCESS (OCLC) | |
| Host name | VMATEO |
| Access number | 10 |
| Processor of request | BPMSU |
| Compression information | 20151125 |
| Field link and sequence number | 00151 |
| Withdrawn status | Lost status | Source of classification or shelving scheme | Damaged status | Not for loan | Collection code | Home library | Current library | Date acquired | Source of acquisition | Total Checkouts | Barcode | Date last seen | Price effective from | Koha item type |
|---|---|---|---|---|---|---|---|---|---|---|---|---|---|---|
| Dewey Decimal Classification | Colección Infantil General | Biblioteca Pública Metropolitana Salomé Ureña | Biblioteca Pública Metropolitana Salomé Ureña | 11/25/2015 | FUNDI | BPMSU15110480 | 11/25/2015 | 11/25/2015 | Libros |